Closest Galaxies - Statistics

General Stats
  • This quiz has been taken 44 times
  • The average score is 2 of 10
Answer Stats
Answer % Correct
Andromeda
100%
M81
10%
M82
10%
NGC 300
7%
NGC 55
7%
Triangle
7%
Antlia
3%
Circinus
3%
IC 10
3%
NGC 5128
3%
No matching quizzes found
Score Distribution
Percent of People with Each Score
Percentile by Number Answered
Your Score History
You have not taken this quiz